000 00545nam a2200181Ia 4500
008 140321s9999 xx 000 0 und d
020 _a9788120311800
050 _aT 58.6
_b.Sa124 2013
100 _aSadagopan, S.
245 _aManagement information systems /
_cS. Sadagopan.
260 _aNew Delhi :
_bPHI Learning Private Limited,
_cc2013.
300 _a217 p. :
_c24 cm.
500 _aIncludes bibliographical references and index.
521 _aIT
650 _aManagement information systems.
942 _kFOR
_cBK
999 _c48540
_d48540